Získavanie, výber a prijímanie zamestnancov vo firme EUROVIA-CESTY, a.s. diplomová práca

Uložené v:
Podrobná bibliografia
Hlavný autor: Girovská, Zuzana
Korporativný autor: Podnikovohospodárska fakulta EU so sídlom v Košiciach. Katedra manažmentu
Ďalší autori: Olexová, Cecília, 1976-
Médium: Kniha
Jazyk:Slovak
Vydavateľské údaje: Košice 2008
Tagy: Pridať tag
Žiadne tagy, Buďte prvý, kto otaguje tento záznam!

MARC

LEADER 00000nam$a2200000$$$4500
001 0080008
005 20240201120920.9
041 0 |a slo 
044 |a SK 
245 1 0 |a Získavanie, výber a prijímanie zamestnancov vo firme EUROVIA-CESTY, a.s.  |b diplomová práca  |c Zuzana Girovská ; škol. Cecília Olexová 
264 1 |a Košice  |c 2008 
300 |a 64 s. 
100 1 |a Girovská, Zuzana 
700 1 |a Olexová, Cecília, 1976- 
710 2 |a Podnikovohospodárska fakulta EU so sídlom v Košiciach. Katedra manažmentu